<?xml version="1.0" encoding="UTF-8"?>
<record
    xmlns:xsi="http://www.w3.org/2001/XMLSchema-instance"
    xsi:schemaLocation="http://www.loc.gov/MARC21/slim http://www.loc.gov/standards/marcxml/schema/MARC21slim.xsd"
    xmlns="http://www.loc.gov/MARC21/slim">

  <leader>01632nam a2200337 i 4500</leader>
  <controlfield tag="001">17635</controlfield>
  <controlfield tag="003">ES-MaACL</controlfield>
  <controlfield tag="005">20250811100319.0</controlfield>
  <controlfield tag="007">t|</controlfield>
  <controlfield tag="008">010411m19881995sp           ||||0| spa j ..|</controlfield>
  <datafield tag="015" ind1=" " ind2=" ">
    <subfield code="a">1990-ENE-790</subfield>
  </datafield>
  <datafield tag="016" ind1="7" ind2=" ">
    <subfield code="z">SAB9000069511</subfield>
  </datafield>
  <datafield tag="020" ind1=" " ind2=" ">
    <subfield code="a">84-7030-315-5</subfield>
  </datafield>
  <datafield tag="040" ind1=" " ind2=" ">
    <subfield code="a">M-BN-DP </subfield>
    <subfield code="b">spa </subfield>
    <subfield code="c">M-BN-DP</subfield>
  </datafield>
  <datafield tag="080" ind1=" " ind2=" ">
    <subfield code="a">616.89-053.2/.6</subfield>
  </datafield>
  <datafield tag="100" ind1="1" ind2=" ">
    <subfield code="a">Lebovici, Serge.</subfield>
    <subfield code="9">71028</subfield>
  </datafield>
  <datafield tag="245" ind1="1" ind2="0">
    <subfield code="a">Tratado de psiquiatr&#xED;a del ni&#xF1;o y del adolescente / </subfield>
    <subfield code="c">Serge Lebovici, Ren&#xE9; Diatkine, Michel Soul&#xE9; ; traductor, Ignacio Avellanosa ... [et al.] ; pr&#xF3;logo, Alberto Lasa ... [et al.].</subfield>
  </datafield>
  <datafield tag="260" ind1=" " ind2=" ">
    <subfield code="a">Madrid : </subfield>
    <subfield code="b">Biblioteca Nueva, </subfield>
    <subfield code="c">1988-1995.</subfield>
  </datafield>
  <datafield tag="300" ind1=" " ind2=" ">
    <subfield code="a">7 v. ; </subfield>
    <subfield code="c">24 cm.</subfield>
  </datafield>
  <datafield tag="490" ind1="1" ind2=" ">
    <subfield code="a">Colecci&#xF3;n Psicoan&#xE1;lisis y psicoterapia</subfield>
  </datafield>
  <datafield tag="505" ind1="8" ind2=" ">
    <subfield code="a">Contiene: t. 1. Los l&#xED;mites del campo de la psiquiatr&#xED;a infantil -- t. 2 Medios de diagn&#xF3;stico. Las consecuencias psiqui&#xE1;tricas de los disfuncionamientos cerebrales y som&#xE1;ticos -- t. 3. Psicopatolog&#xED;a I, alteraciones al funcionamiento mental del ni&#xF1;o y del adolescente -- t. 4. Psicopatolog&#xED;a II, la expresi&#xF3;n manifiesta de los trastornos y su comprensi&#xF3;n -- t. 5. La patolog&#xED;a en relaci&#xF3;n a la edad -- t. 6. El ni&#xF1;o, familia y ense&#xF1;anza -- t. 7. El ni&#xF1;o y la sociedad</subfield>
  </datafield>
  <datafield tag="650" ind1="1" ind2="7">
    <subfield code="a">Psiquiatr&#xED;a infantil</subfield>
    <subfield code="2">embne</subfield>
    <subfield code="9">16595</subfield>
  </datafield>
  <datafield tag="700" ind1="1" ind2=" ">
    <subfield code="a">Diatkine, Ren&#xE9;.</subfield>
    <subfield code="9">44110</subfield>
  </datafield>
  <datafield tag="700" ind1="1" ind2=" ">
    <subfield code="a">Soul&#xE9;, Michel.</subfield>
    <subfield code="9">107562</subfield>
  </datafield>
  <datafield tag="700" ind1="1" ind2=" ">
    <subfield code="a">Avellanosa, Ignacio.</subfield>
    <subfield code="9">24010</subfield>
  </datafield>
  <datafield tag="700" ind1="1" ind2=" ">
    <subfield code="a">Lasa, Alberto.</subfield>
    <subfield code="9">70392</subfield>
  </datafield>
  <datafield tag="830" ind1="0" ind2=" ">
    <subfield code="a">Colecci&#xF3;n Psicoan&#xE1;lisis y psicoterapia</subfield>
    <subfield code="9">228731</subfield>
  </datafield>
  <datafield tag="852" ind1=" " ind2=" ">
    <subfield code="a">ES-MaACL</subfield>
    <subfield code="j">L-24534-40 </subfield>
    <subfield code="b">R.129804</subfield>
  </datafield>
  <datafield tag="999" ind1=" " ind2=" ">
    <subfield code="c">17635</subfield>
    <subfield code="d">17635</subfield>
  </datafield>
  <datafield tag="952" ind1=" " ind2=" ">
    <subfield code="0">0</subfield>
    <subfield code="1">0</subfield>
    <subfield code="4">0</subfield>
    <subfield code="7">0</subfield>
    <subfield code="a">ATENEOM</subfield>
    <subfield code="b">ATENEOM</subfield>
    <subfield code="c">DEPO2</subfield>
    <subfield code="d">2008-01-17</subfield>
    <subfield code="e">SC</subfield>
    <subfield code="l">0</subfield>
    <subfield code="o">L-24534-40</subfield>
    <subfield code="p">1017990</subfield>
    <subfield code="r">2023-02-23 00:00:00</subfield>
    <subfield code="w">2023-02-23</subfield>
    <subfield code="y">MONOGRAFIA</subfield>
  </datafield>
</record>
